000
00325nam a22001337a 4500
008
250307b |||||||| |||| 00| 0 eng d
020
_a
978-934-8179-043
100
_a
C K Takwani
245
_a
Lectures on Administrative Law 8th Ed.
250
_a
8th Ed.
260
_a
Delhi
_b
EBC
_c
2025
300
_a
825
942
_2
ddc
_c
BK
999
_c
21281
_d
21281